000 00352nam a2200145Ia 4500
003 OSt
008 191201s2014 xx 000 0 und d
082 _a662.6
_bGUE
100 _aGUPTA, O P
245 0 _aElements of Fuels Furnaces and Refractories
260 _aNew Delhi
_bKhanna Pub
_c2014
300 _a1072
650 _aB.Tech(ME)
942 _2ddc
_cBK
999 _c6111
_d6111